<?xml version="1.0" encoding="UTF-8"?>
<record
    xmlns:xsi="http://www.w3.org/2001/XMLSchema-instance"
    xsi:schemaLocation="http://www.loc.gov/MARC21/slim http://www.loc.gov/standards/marcxml/schema/MARC21slim.xsd"
    xmlns="http://www.loc.gov/MARC21/slim">

  <leader>00399    a2200145   4500</leader>
  <controlfield tag="005">20250627142032.0</controlfield>
  <datafield tag="020" ind1=" " ind2=" ">
    <subfield code="a">0-471-08066-7</subfield>
  </datafield>
  <datafield tag="082" ind1=" " ind2=" ">
    <subfield code="a">658.15 GOM</subfield>
  </datafield>
  <datafield tag="100" ind1=" " ind2=" ">
    <subfield code="a">GOMPERS,Paul A</subfield>
  </datafield>
  <datafield tag="245" ind1=" " ind2=" ">
    <subfield code="a">Entrepreneurial Finance:A Casebook</subfield>
  </datafield>
  <datafield tag="260" ind1=" " ind2=" ">
    <subfield code="a">London</subfield>
    <subfield code="b">John Wley@Sons INC</subfield>
    <subfield code="c">2002</subfield>
  </datafield>
  <datafield tag="300" ind1=" " ind2=" ">
    <subfield code="a">Viii,692p.;Figure,Tables,picture</subfield>
    <subfield code="b">Glossary,Index</subfield>
    <subfield code="c">26cm.</subfield>
  </datafield>
  <datafield tag="700" ind1=" " ind2=" ">
    <subfield code="a">William Sahlman</subfield>
  </datafield>
  <datafield tag="942" ind1=" " ind2=" ">
    <subfield code="2">ddc</subfield>
    <subfield code="c">BKS</subfield>
  </datafield>
  <datafield tag="999" ind1=" " ind2=" ">
    <subfield code="c">5679</subfield>
    <subfield code="d">5679</subfield>
  </datafield>
  <datafield tag="952" ind1=" " ind2=" ">
    <subfield code="r">2025-06-27 14:24:34</subfield>
    <subfield code="l">0</subfield>
    <subfield code="o">658.15 GOM</subfield>
    <subfield code="p">MZA0002681</subfield>
    <subfield code="v">360000.00</subfield>
    <subfield code="w">2010-06-27</subfield>
    <subfield code="y">BKS</subfield>
    <subfield code="1">0</subfield>
    <subfield code="2">ddc</subfield>
    <subfield code="4">0</subfield>
    <subfield code="7">0</subfield>
    <subfield code="0">0</subfield>
    <subfield code="a">003</subfield>
    <subfield code="b">003</subfield>
    <subfield code="c">GEN</subfield>
    <subfield code="d">2010-06-27</subfield>
    <subfield code="e">Library Budget</subfield>
    <subfield code="g">120000.00</subfield>
  </datafield>
  <datafield tag="952" ind1=" " ind2=" ">
    <subfield code="r">2025-06-27 14:24:34</subfield>
    <subfield code="l">0</subfield>
    <subfield code="o">658.15 GOM</subfield>
    <subfield code="p">MZA0002682</subfield>
    <subfield code="v">360000.00</subfield>
    <subfield code="w">2010-06-27</subfield>
    <subfield code="y">BKS</subfield>
    <subfield code="1">0</subfield>
    <subfield code="2">ddc</subfield>
    <subfield code="4">0</subfield>
    <subfield code="7">0</subfield>
    <subfield code="0">0</subfield>
    <subfield code="a">003</subfield>
    <subfield code="b">003</subfield>
    <subfield code="c">GEN</subfield>
    <subfield code="d">2010-06-27</subfield>
    <subfield code="e">Library Budget</subfield>
    <subfield code="g">120000.00</subfield>
  </datafield>
  <datafield tag="952" ind1=" " ind2=" ">
    <subfield code="r">2025-06-27 14:24:34</subfield>
    <subfield code="l">0</subfield>
    <subfield code="o">658.15 GOM</subfield>
    <subfield code="p">MZA0002683</subfield>
    <subfield code="v">360000.00</subfield>
    <subfield code="w">2010-06-27</subfield>
    <subfield code="y">BKS</subfield>
    <subfield code="1">0</subfield>
    <subfield code="2">ddc</subfield>
    <subfield code="4">0</subfield>
    <subfield code="7">0</subfield>
    <subfield code="0">0</subfield>
    <subfield code="a">003</subfield>
    <subfield code="b">003</subfield>
    <subfield code="c">GEN</subfield>
    <subfield code="d">2010-06-27</subfield>
    <subfield code="e">Library Budget</subfield>
    <subfield code="g">120000.00</subfield>
  </datafield>
  <datafield tag="952" ind1=" " ind2=" ">
    <subfield code="r">2025-06-27 14:24:34</subfield>
    <subfield code="l">0</subfield>
    <subfield code="o">658.15 GOM</subfield>
    <subfield code="p">MZA0002684</subfield>
    <subfield code="v">360000.00</subfield>
    <subfield code="w">2010-06-27</subfield>
    <subfield code="y">BKS</subfield>
    <subfield code="1">0</subfield>
    <subfield code="2">ddc</subfield>
    <subfield code="4">0</subfield>
    <subfield code="7">0</subfield>
    <subfield code="0">0</subfield>
    <subfield code="a">003</subfield>
    <subfield code="b">003</subfield>
    <subfield code="c">GEN</subfield>
    <subfield code="d">2010-06-27</subfield>
    <subfield code="e">Library Budget</subfield>
    <subfield code="g">120000.00</subfield>
  </datafield>
  <datafield tag="952" ind1=" " ind2=" ">
    <subfield code="r">2025-06-27 14:24:34</subfield>
    <subfield code="l">0</subfield>
    <subfield code="o">658.15 GOM</subfield>
    <subfield code="p">MZA0002685</subfield>
    <subfield code="v">360000.00</subfield>
    <subfield code="w">2010-06-27</subfield>
    <subfield code="y">BKS</subfield>
    <subfield code="1">0</subfield>
    <subfield code="2">ddc</subfield>
    <subfield code="4">0</subfield>
    <subfield code="7">0</subfield>
    <subfield code="0">0</subfield>
    <subfield code="a">003</subfield>
    <subfield code="b">003</subfield>
    <subfield code="c">GEN</subfield>
    <subfield code="d">2010-06-27</subfield>
    <subfield code="e">Library Budget</subfield>
    <subfield code="g">120000.00</subfield>
  </datafield>
  <datafield tag="952" ind1=" " ind2=" ">
    <subfield code="r">2025-06-27 14:24:34</subfield>
    <subfield code="l">0</subfield>
    <subfield code="o">658.15 GOM</subfield>
    <subfield code="p">MZA0002686</subfield>
    <subfield code="v">360000.00</subfield>
    <subfield code="w">2010-06-27</subfield>
    <subfield code="y">BKS</subfield>
    <subfield code="1">0</subfield>
    <subfield code="2">ddc</subfield>
    <subfield code="4">0</subfield>
    <subfield code="7">0</subfield>
    <subfield code="0">0</subfield>
    <subfield code="a">003</subfield>
    <subfield code="b">003</subfield>
    <subfield code="c">GEN</subfield>
    <subfield code="d">2010-06-27</subfield>
    <subfield code="e">Library Budget</subfield>
    <subfield code="g">120000.00</subfield>
  </datafield>
  <datafield tag="952" ind1=" " ind2=" ">
    <subfield code="r">2025-06-27 14:24:34</subfield>
    <subfield code="l">0</subfield>
    <subfield code="o">658.15 GOM</subfield>
    <subfield code="p">MZA0002687</subfield>
    <subfield code="v">360000.00</subfield>
    <subfield code="w">2010-06-27</subfield>
    <subfield code="y">BKS</subfield>
    <subfield code="1">0</subfield>
    <subfield code="2">ddc</subfield>
    <subfield code="4">0</subfield>
    <subfield code="7">0</subfield>
    <subfield code="0">0</subfield>
    <subfield code="a">003</subfield>
    <subfield code="b">003</subfield>
    <subfield code="c">GEN</subfield>
    <subfield code="d">2010-06-27</subfield>
    <subfield code="e">Library Budget</subfield>
    <subfield code="g">120000.00</subfield>
  </datafield>
  <datafield tag="952" ind1=" " ind2=" ">
    <subfield code="r">2025-06-27 14:24:34</subfield>
    <subfield code="l">0</subfield>
    <subfield code="o">658.15 GOM</subfield>
    <subfield code="p">MZA0002688</subfield>
    <subfield code="v">360000.00</subfield>
    <subfield code="w">2010-06-27</subfield>
    <subfield code="y">BKS</subfield>
    <subfield code="1">0</subfield>
    <subfield code="2">ddc</subfield>
    <subfield code="4">0</subfield>
    <subfield code="7">0</subfield>
    <subfield code="0">0</subfield>
    <subfield code="a">003</subfield>
    <subfield code="b">003</subfield>
    <subfield code="c">GEN</subfield>
    <subfield code="d">2010-06-27</subfield>
    <subfield code="e">Library Budget</subfield>
    <subfield code="g">120000.00</subfield>
  </datafield>
  <datafield tag="952" ind1=" " ind2=" ">
    <subfield code="r">2025-06-27 14:24:34</subfield>
    <subfield code="l">0</subfield>
    <subfield code="o">658.15 GOM</subfield>
    <subfield code="p">MZA0002689</subfield>
    <subfield code="v">360000.00</subfield>
    <subfield code="w">2010-06-27</subfield>
    <subfield code="y">BKS</subfield>
    <subfield code="1">0</subfield>
    <subfield code="2">ddc</subfield>
    <subfield code="4">0</subfield>
    <subfield code="7">0</subfield>
    <subfield code="0">0</subfield>
    <subfield code="a">003</subfield>
    <subfield code="b">003</subfield>
    <subfield code="c">GEN</subfield>
    <subfield code="d">2010-06-27</subfield>
    <subfield code="e">Library Budget</subfield>
    <subfield code="g">120000.00</subfield>
  </datafield>
  <datafield tag="952" ind1=" " ind2=" ">
    <subfield code="r">2025-06-27 14:24:34</subfield>
    <subfield code="l">0</subfield>
    <subfield code="o">658.15 GOM</subfield>
    <subfield code="p">MZA0002690</subfield>
    <subfield code="v">360000.00</subfield>
    <subfield code="w">2010-06-27</subfield>
    <subfield code="y">BKS</subfield>
    <subfield code="1">0</subfield>
    <subfield code="2">ddc</subfield>
    <subfield code="4">0</subfield>
    <subfield code="7">0</subfield>
    <subfield code="0">0</subfield>
    <subfield code="a">003</subfield>
    <subfield code="b">003</subfield>
    <subfield code="c">GEN</subfield>
    <subfield code="d">2010-06-27</subfield>
    <subfield code="e">Library Budget</subfield>
    <subfield code="g">120000.00</subfield>
  </datafield>
  <datafield tag="952" ind1=" " ind2=" ">
    <subfield code="r">2025-06-27 14:24:34</subfield>
    <subfield code="l">0</subfield>
    <subfield code="o">658.15 GOM</subfield>
    <subfield code="p">MZA0002691</subfield>
    <subfield code="v">360000.00</subfield>
    <subfield code="w">2010-06-27</subfield>
    <subfield code="y">BKS</subfield>
    <subfield code="1">0</subfield>
    <subfield code="2">ddc</subfield>
    <subfield code="4">0</subfield>
    <subfield code="7">0</subfield>
    <subfield code="0">0</subfield>
    <subfield code="a">003</subfield>
    <subfield code="b">003</subfield>
    <subfield code="c">GEN</subfield>
    <subfield code="d">2010-06-27</subfield>
    <subfield code="e">Library Budget</subfield>
    <subfield code="g">120000.00</subfield>
  </datafield>
</record>
